|
|
|
|
| LEADER |
00000nam0a2200000 4500 |
| 001 |
240276 |
| 005 |
20231101231730.0 |
| 010 |
|
|
|a 5282003643
|
| 035 |
|
|
|a (RuTPU)RU\TPU\book\261528
|
| 090 |
|
|
|a 240276
|
| 100 |
|
|
|a 20130619d1990 k y0rusy50 ca
|
| 101 |
0 |
|
|a rus
|
| 102 |
|
|
|a RU
|
| 105 |
|
|
|a a z 001zy
|
| 200 |
1 |
|
|a Планирование труда специалистов НИИ и КБ
|e межотраслевые методические рекомендации
|f Московский авиационный институт им. С. Орджоникидзе
|
| 210 |
|
|
|a Москва
|c Экономика
|d 1990
|
| 215 |
|
|
|a 144 с.
|c ил.
|
| 320 |
|
|
|a Библиогр.: с. 141.
|
| 606 |
1 |
|
|a Управленческий труд
|x Нормирование
|2 stltpush
|3 (RuTPU)RU\TPU\subj\37175
|9 58294
|
| 610 |
1 |
|
|a НИИ
|
| 610 |
1 |
|
|a научно-исследовательские институты
|
| 610 |
1 |
|
|a методические рекомендации
|
| 610 |
1 |
|
|a труд
|
| 610 |
1 |
|
|a классификация
|
| 610 |
1 |
|
|a трудоемкость
|
| 610 |
1 |
|
|a методы
|
| 610 |
1 |
|
|a организация труда
|
| 610 |
1 |
|
|a нормативная база
|
| 610 |
1 |
|
|a учет
|
| 610 |
1 |
|
|a корректировки
|
| 610 |
1 |
|
|a НИР
|
| 610 |
1 |
|
|a ОКР
|
| 686 |
|
|
|a У9(2)242.2
|v LBC/SL-A
|2 rubbk
|
| 712 |
0 |
2 |
|a Московский авиационный институт (МАИ)
|c Национальный исследовательский университет
|2 stltpush
|3 (RuTPU)RU\TPU\col\3642
|
| 801 |
|
1 |
|a RU
|b 63413507
|c 20130619
|
| 801 |
|
2 |
|a RU
|b 63413507
|c 20130718
|g RCR
|
| 942 |
|
|
|c BK
|